000 00642nam a2200265Ia 4500
005 20260121164942.0
008 008 260114s9999 xx 000 0 eng d
020 _a9789400952515
037 _aEBOOK
040 _aCRL
040 _beng
040 _cCRL
041 _2eng
041 _aeng
084 _qCRL
100 _aRonald C. Simons, C.C. Hughes
_91045700
245 4 _aThe Culture-Bound Syndromes
260 _bSpringer
260 _bSpringer
260 _c1985
856 _uhttps://link.springer.com/openurl?genre=book&isbn=978-94-009-5251-5
942 _cEBOOK
999 _c1611423
_d1611423